| 000 | 00807nam a22002177a 4500 | ||
|---|---|---|---|
| 005 | 20250114114922.0 | ||
| 010 | _aENG-143377-378 | ||
| 020 |
_c4995.00(Set of 2) _a9788197414237(Vol 1,Vol 2) |
||
| 035 | _aEN-126909-910 | ||
| 037 | _bDBAD | ||
| 082 |
_a364 _223 |
||
| 100 |
_aRatanlal _976526 |
||
| 245 |
_aRatanlal & Dhirajlal: _bThe Bharatiya Nagarik Suraksha Sanhita, 2023/ _cBy Ratanlal [and] Dhirajlal |
||
| 250 | _a23 | ||
| 260 |
_bLexis Nexis _c2024 _aGurgaon |
||
| 270 |
_a14th Floor; Building No. 10 Tower -B , DLF Cyber City ,Phase-II _bGurgaon _e122002 _k+91-124-4774444 _l+91-124-4774100 |
||
| 300 | c |
_adcl,2844p.(Vol 1,Vol 2) _c24cm(hb) |
|
| 490 | _vVol 1, Vol 2 | ||
| 500 | _aVol 1 Sections ! to 247 Vol 2 Sections 248 to 531 Schedules | ||
| 942 |
_2ddc _cEN _mRAT _h364 |
||
| 999 |
_c208462 _d208462 |
||